El abuelo que saltó por la ventana y se largó /

محفوظ في:
التفاصيل البيبلوغرافية
المؤلف الرئيسي: Jonasson, Jonas (autor)
مؤلفون آخرون: Pascual Pape, Sofía (traducción) (traducción)
التنسيق: كتاب
اللغة:الإسبانية
منشور في: Barcelona, España : Salamandra, 2016, c2012
الطبعة:3a edición
سلاسل:(Salamandra Letras de Bolsillo)
الموضوعات:
الوسوم: إضافة وسم
لا توجد وسوم, كن أول من يضع وسما على هذه التسجيلة!

MARC

LEADER 00000nam^a2200000^a^4500
001 000628723
005 20260302000000.0
009 20260407175328.977
020 |a 978-84-9838-524-3 
025 |a Donación sin dato, 1 ejemplar 
037 |a Acervo Xavier Clavigero 
041 |a ESP 
082 |a 839. 7  |b JON 
100 |a Jonasson, Jonas  |e (autor) 
245 1 3 |a El abuelo que saltó por la ventana y se largó /  |c J. Jonasson ; tr. de S. Pascual Pape. 
250 |a 3a edición 
264 4 |a Barcelona, España :  |b Salamandra,  |c 2016, c2012 
300 |a 413 p. 
336 |a texto  |b txt  |2 rdacontenido 
337 |a sin mediación  |b n  |2 rdamedio 
338 |a volumen  |b nc  |2 rdasoporte 
440 1 |a (Salamandra Letras de Bolsillo) 
500 |a Traducción de: Hundraåringen som klev ut genom fönstret och försvann 
545 0 |a Jonas Jonasson (Växjö, 1961), escritor sueco. Estudió Idiomas en la Universidad de Gotemburgo y desarrolló durante dos décadas una exitosa carrera en los medios de comunicación, como periodista en los diarios Smålandsposten, de su ciudad natal, y Expressen, en Estocolmo, y fundador de la agencia OTW. Tras sufrir un agotamiento severo, decidió reinventarse y escribió un libro que había pensado durante años: El abuelo que saltó por la ventana y se largó (2009), novela de aventuras dedicada a su propio abuelo y una de las obras más difundidas de la literatura sueca del siglo XXI, galardonada con los premios de los Libreros Suecos (2010) y al Mejor Audiolibro (2010) en su país natal y el M-Pionier (2012), de la cadena de librerías Mayersche en Alemania, además de haber sido llevada al cine en una multipremiada película (2013) bajo la dirección de Felix Herngren. Identificado por el sentido del humor que imprime en situaciones insólitas o abiertamente absurdas, Jonasson teje hábilmente narraciones con giros inesperados que sorprenden a los lectores y que integran una mirada satírica a problemas sociopolíticos presentes, con referencias frecuentes al continente africano, como prueban las novelas La analfabeta que era un genio de los números (2013), El matón que soñaba con un lugar en el paraíso (2015), El abuelo que volvió para salvar el mundo (2018) –regreso del protagonista de su libro debut-, Una dulce venganza (2020) y La pitonisa y el idiota (2022). 
649 |a XX 
650 |a Ancianos en la Literatura 
650 |a Novela de Aventuras 
650 |a Novela Sueca 
650 |a Humor -  |z Suecia 
650 |a Literatura Sueca -  |y Siglo XXI 
700 |a Pascual Pape, Sofía  |e (traducción) 
910 |a Fondo General 
920 |a Impresos - Libros 
930 |a Colección General 
940 |a Literatura 
905 |a 101 
901 |a 629010-10  |b IT1  |c LIT  |i D  |u 20260302 
902 |a https://opac.biblio.iteso.mx/vufind/Record/000628723